|
|
|
|
| LEADER |
000000sb a2200000 a 4500 |
| 005 |
20240112123206.0 |
| 008 |
987000| ||||||||r|||||||||||spa|| |
| 040 |
|
|
|b spa
|
| 082 |
0 |
|
|b 610.5
|
| 100 |
1 |
|
|a Quito R., BolivarAlvarez H., MaríaZeas Domínguez, Iván
|9 277151
|
| 245 |
|
|
|a Mala absorción de hidratos de carbono en niños con diarrea crónica y desnutrición
|c Bolivar Quito y otros
|h imp
|
| 264 |
|
|
|a Cuenca
|b Universidad de Cuenca
|c octubre de 1986
|
| 300 |
|
|
|a páginas: 65-83
|
| 300 |
|
|
|b il.
|
| 362 |
|
|
|a 1
|
| 500 |
|
|
|a Publicación de investigación científica Puede solicitar a: bibmedi@ucuenca.edu.ec
|
| 520 |
3 |
|
|a Se estudiaron 47 niños con diarrea crónica y desnutrición para determinar mala absorción a los hidratos de carbono, en los que se determinó: ph, lactosa, fructuosa, galactosa, glucosa y sacarosa, según ténicas habituales. Se encontró un bajo porcentaje de mala absorción a los hidratos de carbono, en general, a pesar de los factores predisponentes. Llama la atención un alto porcentaje de mala absorción a la fructosa, sobre todo en pacientes procedentes del área rural. La mala absorción de la lactosa fue baja. Estos resultados determinan la necesidad de investigar mala absorción a los disacáridos y monosacáridos antes de usar leches especiales que por otro lado son de alto costo
|
| 650 |
1 |
7 |
|a Absorción
|9 50586
|
| 650 |
1 |
7 |
|a Absorción
|9 50586
|
| 650 |
1 |
7 |
|a Absorción
|9 50586
|
| 650 |
1 |
|
|a Niños
|9 9400
|
| 650 |
1 |
|
|a Desnutricion
|9 2987
|
| 650 |
1 |
|
|a Pacientes
|
| 650 |
1 |
|
|a Hospital regional vicente corral moscoso
|9 2053
|
| 650 |
1 |
|
|a Cuenca-Ecuador
|9 1055
|
| 710 |
|
|
|a Universidad de Cuenca. Instituto de Investigaciones en Ciencias Sociales, IDICSA
|9 277161
|
| 773 |
0 |
|
|0 su20467
|9 su20467
|a Quito R., BolivarAlvarez H., MaríaZeas Domínguez, Iván Universidad de Cuenca. Instituto de Investigaciones en Ciencias Sociales, IDICSA
|d Cuenca Universidad de Cuenca octubre de 1986
|o su20467
|w su20467
|t Revista del Instituto de Investigaciones en Ciencias Sociales
|6 su20467
|
| 852 |
|
|
|a UC-SALUD
|f Donación
|k teresa.torres
|l 1
|m Limitada
|p 19870000
|b 1
|d CDRS
|e CDRS
|g 610.5
|z 1987-70-00
|
| 942 |
|
|
|c SERA
|
| 999 |
|
|
|c 106131
|d 106131
|